| 000 | 01784 a2200277 4500 | ||
|---|---|---|---|
| 001 | 11504 | ||
| 003 | IN-BhIIT | ||
| 005 | 20260617171409.0 | ||
| 008 | 260617b |||||||| |||| 00| 0 eng d | ||
| 020 | _a9781119883265 (hbk.) | ||
| 040 | _aIN-BhIIT | ||
| 041 | _aeng | ||
| 082 |
_a621.4025 _bSEK/F |
||
| 100 |
_aSekulic, Dusan P. _eAuthor _928013 |
||
| 245 |
_aFundamentals of heat exchanger design / _cDusan P. Sekulic, Ramesh K. Shah |
||
| 250 | _a2nd. ed. | ||
| 260 |
_aNey York : _bWiley, _c2023. |
||
| 300 |
_axxxi, 736 p. : _bill. ; _c25 cm. |
||
| 504 | _aIncludes bibliographical references and index. | ||
| 520 | _aHeat exchangers are thermal devices which transfer heat between two or more fluids. They are integral to energy, automotive, aerospace, and myriad other technologies. The design and implementation of heat exchangers is an essential skill for engineers looking to contribute to a huge range of applications. Fundamentals of Heat Exchanger Design, Second Edition provides a comprehensive insight into the design and performance of heat exchangers. After introducing the basic heat transfer concepts and parameters, an overview of design methodologies is discussed. Subsequently, details of design theory of various types of exchangers are presented. The first edition established itself as the standard single-volume text on the subject. The second edition preserves an established in-depth approach but reflects some new technological developments related to design for manufacturing compact heat exchangers, including novel 3-D printing approaches to heat exchanger design. | ||
| 650 |
_aHeat engineering _9733 |
||
| 650 |
_aHeat exchangers _91189 |
||
| 650 | _aHeat transmission | ||
| 700 |
_aShah, Ramesh K. _eJoint author _928014 |
||
| 942 | _cTRB | ||
| 999 |
_c15560 _d15560 |
||